| 000 | 01612nam a2200397 i 4500 | ||
|---|---|---|---|
| 001 | 68771 | ||
| 003 | Mx-PuUPA | ||
| 005 | 20250605105027.0 | ||
| 008 | 200304r20182012sp a jr 00| f spa d | ||
| 020 | _a9788498384444 | ||
| 040 |
_aMx-PuUPA _bspa _cMx-PuUPA _dMx-PuUPA _erda |
||
| 041 | 1 |
_aspa _heng |
|
| 100 | 1 |
_aRowling, J. K., _d1965- _eautor _910625 |
|
| 240 | 1 | 0 |
_aHarry Potter and the goblet of fire. _lEspañol |
| 245 | 1 | 0 |
_aHarry Potter y el cáliz de fuego / _cJ. K. Rowling ; traducción, Adolfo Muñoz García y Nieves Martín Azofra. |
| 250 | _a1a edición | ||
| 264 | 1 |
_aBarcelona : _bSalamandra, _c2012 |
|
| 300 |
_a665 páginas : _bmapa ; _c21 cm. |
||
| 336 |
_2rdacontent _atexto _btxt |
||
| 337 |
_2rdamedia _asin medio _bn |
||
| 338 |
_2rdacarrier _avolumen _bnc |
||
| 545 | _aPrimera edición, marzo de 2012 ; Catorceava reimpresión (14a edición, Julio de 2018) | ||
| 600 | 1 | 4 |
_2Potter, Harry _c(personaje ficticio) _vficción |
| 650 | 7 |
_aMagia _vLiteratura infantil _2armarc |
|
| 650 | 7 |
_aMagos _vLiteratura infantil _2armarc |
|
| 650 | 7 |
_aMagia _xEscuelas _vFicción _2armarc |
|
| 650 | 7 |
_aLiteratura británica _vFicción _2armarc |
|
| 655 | 7 |
_aFicción juvenil _vnovela _2armarc |
|
| 700 | 1 |
_aMuñoz García, Adolfo, _dtraductor |
|
| 700 | 1 |
_aMartín Azofra, Nieves, _etraductor |
|
| 765 | 0 |
_aRowling, J. K. _tHarry Potter and the goblet of fire _dLondon : Bloomsbury, 2000. _z9780747550990 |
|
| 942 |
_2ddc _cLI _h823.92 _iR88 |
||
| 999 |
_c68771 _d68771 |
||